00574nam a2200169Ia 4500003000500000005001700005008004100022020001800063040000900081082001700090100005400107245002400161260003700185942003000222999001900252952013300271322820250415124131.0210816s9999 xx 000 0 und d a9781404234666 c3228 aJ 523.3 OLIE a OLIEN, Rebecca New York, 2007 1st ed 932240 0aExploring the moon  aNew York bPowerkids pressc2007 cBK2ddcy235zMike Maaboi c118804d118803 00102ddc40708500aMAFELbMAFELcCHILDd2021-08-17g60.00iLIB03260oJ 523.3 OLIEp33228021368541r2021-08-17w2021-08-17yBK